000 00218 a2200097 4500
001 51019
100 _aHoyle Fred
245 _aThe intelligent universe
260 _aLondon
_bMichael Joseph
_c
090 _c32307
_d32307
942 _aNUST-CAE
_cM
_c24789
999 _c286092
_d286092